Elenca la formazione - Finale Europei 2020 - Statistics

Statistiche generali
  • Questo quiz è stato fatto 367 volte
  • Il punteggio medio è 19 su 22
Statistiche sulle risposte
Ruolo Club dell'epoca Calciatore % Corretto
Attaccante Lazio Ciro Immobile
100%
Portiere Milan Gianluigi Donnarumma
100%
Attaccante Chiesa Federico Chiesa
99%
Difensore Juventus Giorgio Chiellini
99%
Difensore Juventus Leonardo Bonucci
99%
Centrocampista Inter Nicolò Barella
99%
Centrocampista Paris Saint-Germain Marco Verratti
98%
Difensore Napoli Giovanni Di Lorenzo
97%
Centrocampista Chelsea Jorginho
97%
Attaccante Napoli Lorenzo Insigne
96%
Attaccante Tottenham Harry Kane
95%
Portiere Everton Jordan Pickford
89%
Difensore Chelsea Emerson Palmieri
87%
Difensore Manchester United Harry Maguire
85%
Difensore Manchester City John Stones
82%
Difensore Manchester City Kyle Walker
78%
Attaccante Manchester City Raheem Sterling
77%
Centrocampista Manchester United Luke Shaw
73%
Centrocampista West Ham Utd Declan Rice
68%
Centrocampista Leeds Utd Kalvin Phillips
61%
Centrocampista Atletico Madrid Kieran Trippier
53%
Attaccante Chelsea Mason Mount
46%
Nessun quiz corrispondente trovato
Distribuzione punteggi
Percentuale di utenti per punteggio
Percentile per numero di risposta
I tuoi punteggi nel tempo
Non hai fatto questo quiz